Teardrops on My Guitar - Taylor Swift (All Lyrics) - Statistics

General Stats
  • This quiz has been taken 490 times
  • The average score is 241 of 288
Answer Stats
Answer % Correct
a
99%
he
99%
He
99%
I
99%
me
98%
so
97%
So
97%
That
96%
that
96%
at
95%
guitar
95%
Look
95%
my
95%
on
95%
teardrops
95%
the
95%
The
95%
he's
94%
He's
94%
see
94%
looks
93%
for
92%
smile
92%
won't
92%
do
91%
Drew
91%
only
91%
reason
91%
be
90%
fake
90%
in
90%
it
90%
to
90%
and
89%
And
89%
know
89%
when
89%
wish
88%
about
87%
can't
87%
Can't
87%
cause
87%
Cause
87%
got
87%
keep
86%
love
86%
star
85%
talks
85%
why
85%
don't
84%
wishing
84%
with
84%
it's
83%
she's
83%
all
82%
Everything
82%
everything
82%
thing
82%
funny
81%
girl
81%
laugh
81%
have
80%
night
80%
think
80%
beautiful
79%
could
79%
of
78%
want
78%
car
77%
song
77%
keeps
76%
live
76%
bet
75%
need
75%
says
75%
singing
75%
we
75%
without
75%
if
73%
right
73%
knows
72%
one
72%
walks
72%
breathe
71%
by
71%
even
71%
eyes
70%
finally
70%
tell
69%
wonder
69%
him
68%
there
68%
I'll
67%
kind
67%
should
67%
goes
66%
heart
66%
enough
65%
his
65%
break
64%
flawless
64%
her
64%
I'm
64%
lucky
64%
those
64%
perfectly
63%
get
61%
some
61%
sleep
60%
who's
60%
but
57%
Anyone
56%
hold
56%
never
56%
tonight
56%
home
55%
better
54%
down
54%
give
54%
maybe
54%
alone
53%
drive
53%
picture
53%
tight
53%
off
52%
put
52%
turn
52%
as
50%
into
50%
light
50%
time
49%
needing
48%
fall
46%
damn
44%
She'd
44%
up
44%
there's
33%
taken
32%
No matching quizzes found
Score Distribution
Percent of People with Each Score
Percentile by Number Answered
Your Score History
You have not taken this quiz